000 00668nam a2200229Ia 4500
003 OSt
005 20220926030026.0
006 a|||||r|||| 00| 0
007 ta
008 220923b |||||||| |||| 00| 0 eng d
037 _cGeneral Book
040 _aRTL
_cRTL
_beng
041 _2eng
_aeng
082 _aX:89F0gF, M4
100 _aForti Augusto Ed.
_9332499
245 0 _aScientific forecasting and human needs
_b Trends, m
260 _aParis
_bUnesco
_c1984
300 _axx, 204p. Appendix p.193-200
_ccm.
650 _aAccounting Management
942 _hX:89F0gF, M4
_cGB
_2CC
999 _c648489
_d648489